| 000 | 00412nam a22001697a 4500 | ||
|---|---|---|---|
| 003 | SGT | ||
| 020 | _a9789394525825 | ||
| 082 |
_a615.8 _bI24P |
||
| 100 | _aPANHALE, VRUSHALI | ||
| 245 | _aINVESTIGATIONS SIMPLIFIED CAN YOU SPOT IT | ||
| 250 | _a1ST | ||
| 260 |
_aINDIA _bCBS PUB _c2024 |
||
| 300 | _a374 | ||
| 650 | _aPHYSIOTHERAPY | ||
| 653 | _aINVESTIGATIONS SIMPLIFIED CAN YOU SPOT IT | ||
| 942 |
_2ddc _cBK |
||
| 999 |
_c30973 _d30973 |
||